000 00458nam a2200169 i 4500
001 21341
003 ES-MaACL
005 20230906152449.0
007 t|
008 021125s1967 sp ||||1| spa d
100 1 _aAlberdi, Ricardo.
_919274
245 1 3 _aEl tránsito al socialismo /
_cRicardo Alberdi.
260 _a[Irún] :
_bEthos,
_c[1967]
300 _a33 p. ;
_c32 cm.
500 _aEjemplar multicopista.
852 _aES-MaACL
_j2047-F-21
_bR.65244
999 _c21341
_d21341